Overwatch 2 - All Hero Abilities - Statistics

General Stats
  • This quiz has been taken 35 times
    10 since last reset
  • The average score is 259 of 387
Answer Stats
Hint Answer % Correct
Ability Adaptive Shield
100%
Ability Blink
100%
Ultimate Ability B.O.B.
100%
Ultimate Ability Cage Fight
100%
Ability Charge
100%
Ability Coach Gun
100%
Ultimate Ability Deadeye
100%
Ability Dynamite
100%
Ability Fire Strike
100%
Ability Flashbang
100%
Ability Fortify
100%
Ultimate Ability Meteor Strike
100%
Ultimate Ability Minefield
100%
Cassidy Weapon Peacekeeper
100%
Weapon Peacekeeper Alt Fire
100%
Ultimate Ability Pulse Bomb
100%
Ability Rocket Punch
100%
Ability Roll
100%
Ultimate Ability Self-Destruct
100%
Ability Take a Breather
100%
Passive Ability Vault
100%
Passive Ability Wall Climb
100%
Passive Ability Wall Climb (Kiriko)
100%
Ability Accretion
83%
Ability Amp It Up
83%
Ultimate Ability Annihilation
83%
Ultimate Ability Barrage
83%
Ability Biotic Field
83%
Moira Weapon Biotic Grasp
83%
Weapon Biotic Grasp Alt Fire
83%
Ability Biotic Grenade
83%
Ultimate Ability Blizzard
83%
Ability Block
83%
Ability Boosters
83%
Ultimate Ability Call Mech
83%
Ability Cardiac Overdrive
83%
Ability Carnage
83%
Ability Commanding Shout
83%
Ability Crossfade
83%
Ability Defense Matrix
83%
Ability Deflect
83%
Ultimate Ability EMP
83%
Ability Flight
83%
Ability Focusing Beam
83%
Ability Grappling Hook
83%
Ultimate Ability Gravitic Flux
83%
Ultimate Ability Graviton Surge
83%
Ability Hack
83%
Kiriko Weapon Healing Ofuda
83%
Ability Ice Wall
83%
Ability Immortality Field
83%
Passive Ability Inspire
83%
Ability Javelin Spin
83%
Weapon Kunai
83%
Ability Life Grip
83%
Ability Lifeline
83%
Ultimate Ability Molten Core
83%
Ultimate Ability Nano Boost
83%
Ability Orb of Discord
83%
Ability Orb of Harmony
83%
Ultimate Ability Overclock
83%
Ability Overload
83%
Ultimate Ability Panopticon
83%
Ability Protection Suzu
83%
Weapon Pummel
83%
Ultimate Ability Rally
83%
Ultimate Ability Rampage
83%
Ability Recall
83%
Ability Resurrect
83%
Ultimate Ability RIP-Tire
83%
Torbjörn Weapon Rivet Gun
83%
Weapon Rivet Gun Alt Fire
83%
Roadhog Weapon Scrap Gun
83%
Weapon Scrap Gun Alt Fire
83%
Ability Sentry Turret
83%
Ability Shadow Step
83%
Ability Shield Bash
83%
Genji Weapon Shuriken
83%
Weapon Shuriken Alt Fire
83%
Ability Sleep Dart
83%
Ability Sonic Arrow
83%
Ability Spike Guard
83%
Ability Sprint
83%
Ability Steel Trap
83%
Ability Sticky Bombs
83%
Ability Swift Step
83%
Ultimate Ability Tactical Visor
83%
Weapon Take Aim (ADS)
83%
Ability Teleporter
83%
Ashe Weapon The Viper
83%
Ability Translocator
83%
Ultimate Ability Tree of Life
83%
Ability Virus
83%
Ultimate Ability Whole Hog
83%
Ability Wraith Form
83%
Ultimate Ability Amplification Matrix
67%
Ability Barrier Shield
67%
Ability Biotic Orb
67%
Ana Weapon Biotic Rifle
67%
Ultimate Ability Bola Shot
67%
Hazard Weapon Bonespur
67%
Passive Ability Bounty Hunting
67%
Ability Burrow
67%
Ultimate Ability Captive Sun
67%
Ultimate Ability Catnapper
67%
Ability Chain Hook
67%
Passive Ability Clobber
67%
Ultimate Ability Coalescence
67%
Ability Combat Roll
67%
Ability Concussion Mine
67%
Ultimate Ability Configuration: Artillery
67%
Weapon Configuration: Assault
67%
Bastion Weapon Configuration: Recon
67%
Ultimate Ability Death Blossom
67%
Ability Deploy Turret
67%
Ability Disruptor Shot
67%
Ultimate Ability Downpour
67%
Ultimate Ability Dragonblade
67%
Ultimate Ability Dragonstrike
67%
Ability Drill Dash
67%
Ultimate Ability Duplicate
67%
Ultimate Ability Earthshatter
67%
Passive Ability Eject!
67%
Passive Ability Energy
67%
Ability Fade
67%
Weapon Fan the Flames
67%
Weapon Forge Hammer
67%
D.Va Weapon Fusion Cannons
67%
Passive Ability Glide
67%
Ability Guardian Wave
67%
Doomfist Weapon Hand Cannon
67%
Ability Healing Pylon
67%
Ability Helix Rockets
67%
Sigma Weapon Hyperspheres
67%
Ultimate Ability Infra-Sight
67%
Ability Jagged Blade
67%
Ultimate Ability Kekkai Sanctuary
67%
Ability Kinetic Grasp
67%
Ultimate Ability Kitsune Rush
67%
Ability Micro Missiles
67%
Ability Nemesis Form
67%
Passive Ability Opportunist
67%
Ultimate Ability Orbital Ray
67%
Zenyatta Weapon Orb of Destruction
67%
Weapon Orb of Destruction Alt Fire
67%
Ability Outburst
67%
Ultimate Ability Override Protocol
67%
Ability Overrun
67%
Ability Particle Barrier
67%
Zarya Weapon Particle Cannon
67%
Weapon Particle Cannon Alt Fire
67%
Ability Petal Platform
67%
Ability Power Block
67%
Ultimate Ability Primal Rage
67%
Ability Projected Barrier
67%
Ability Pulsar Torpedoes
67%
Tracer Weapon Pulse Pistols
67%
Ability Purr
67%
Sojourn Weapon Railgun
67%
Weapon Railgun Alt Fire
67%
Ability Reconfigure
67%
Reinhardt Weapon Rocket Hammer
67%
Passive Ability Role: Damage
67%
Passive Ability Role: Support
67%
Passive Ability Role: Tank
67%
Ability Rushing Torrent
67%
Ability Seismic Slam
67%
Ability Siphon Blaster
67%
Passive Ability Snap Kick
67%
Ultimate Ability Sound Barrier
67%
Ability Storm Arrows
67%
Passive Ability Subrole: Bruiser
67%
Passive Ability Subrole: Flanker
67%
Passive Ability Subrole: Initiator
67%
Passive Ability Subrole: Medic
67%
Passive Ability Subrole: Recon
67%
Passive Ability Subrole: Sharpshooter
67%
Passive Ability Subrole: Specialist
67%
Passive Ability Subrole: Stalwart
67%
Passive Ability Subrole: Survivor
67%
Passive Ability Subrole: Tactician
67%
Ultimate Ability Sundering Blade
67%
Weapon Take Aim
67%
Ultimate Ability Terra Surge
67%
Winston Weapon Tesla Cannon
67%
Weapon Tesla Cannon Alt Fire
67%
Weapon Thorn Volley
67%
Ultimate Ability Tidal Blast
67%
Ultimate Ability Transcendence
67%
Echo Weapon Tri-Shot
67%
Ability Updraft
67%
Ultimate Ability Valkyrie
67%
Ability Venom Mine
67%
Ultimate Ability Vermillion Ascent
67%
Ultimate Ability Vermillion Revival
67%
Weapon Zoom (ADS)
67%
Ability A-36 Tactical Grenade
50%
Passive Ability Adrenaline Rush
50%
Passive Ability Altered Vitals
50%
Passive Ability Angelic Descent
50%
Orisa Weapon Augmented Fusion Driver
50%
Ability Barrier Array
50%
Ability Barrier Field
50%
Ability Barrier Projector
50%
Passive Ability Berserker
50%
Ability Binding Chain
50%
Baptiste Weapon Biotic Launcher
50%
Weapon Biotic Launcher Alt Fire
50%
Weapon Caduceus Blaster
50%
Mercy Weapon Caduceus Staff
50%
Ability Concussive Blast
50%
Ability Cryo-Freeze
50%
Passive Ability Cyber-Agility
50%
Ability Cyber Frag
50%
Ability Dancing Blaze
50%
Mei Weapon Endothermic Blaster
50%
Weapon Endothermic Blaster Alt Fire
50%
Ability Energy Javelin
50%
Passive Ability Exo Boots
50%
Ability Experimental Barrier
50%
Passive Ability Explorer's Resolve
50%
Junkrat Weapon Frag Launcher
50%
Ability Glide Boost
50%
Ability Grappling Claw
50%
Ability Guardian Angel
50%
Lifeweaver Weapon Healing Blossom
50%
Soldier: 76 Weapon Heavy Pulse Rifle
50%
Reaper Weapon Hellfire Shotguns
50%
Passive Ability Hover Jets
50%
Ability Hyper Ring
50%
Passive Ability Ignition
50%
Mauga Weapon Incendiary Chaingun
50%
Ability Inferno Rush
50%
Passive Ability Ironclad
50%
Ability Jagged Wall
50%
Ability Jet Dash
50%
Passive Ability Jetpack
50%
Ability Jump Jet
50%
Ability Jump Pack
50%
Ability Katashiro Return
50%
Weapon Light Gun
50%
Ability Lunge
50%
Sombra Weapon Machine Pistol
50%
Passive Ability Martian Overboots
50%
Juno Weapon Mediblaster
50%
Passive Ability Onslaught
50%
Vendetta Weapon Palatine Fang
50%
Ultimate Ability Photon Barrier
50%
Domina Weapon Photon Magnum
50%
Symmetra Weapon Photon Projector
50%
Weapon Photon Projector Alt Fire
50%
Ability Piledriver
50%
Ability Power Slide
50%
Ability Projected Edge
50%
Wrecking Ball Weapon Quad Cannons
50%
Ability Quick Dash
50%
Ability Ravenous Vortex
50%
Ability Regenerative Burst
50%
Ability Rejuvenating Dash
50%
Ability Repair Pack
50%
Freja Weapon Revdraw Crossbow
50%
Brigitte Weapon Rocket Flail
50%
Pharah Weapon Rocket Launcher
50%
Junker Queen Weapon Scattergun
50%
Venture Weapon Smart Excavator
50%
Ability Soaring Slice
50%
Illari Weapon Solar Rifle
50%
Weapon Solar Rifle Alt Fire
50%
Lúcio Weapon Sonic Amplifier
50%
Ability Sonic Repulsors
50%
Ability Soundwave
50%
Hanzo Weapon Storm Bow
50%
Ability Swift Strike
50%
Emre Weapon Synthetic Burst Rifle
50%
Weapon Synthetic Burst Rifle (ADS)
50%
Ultimate Ability Tectonic Shock
50%
Passive Ability The Best Defense...
50%
Passive Ability The Reaping
50%
Passive Ability Total Mayhem
50%
Ability Violent Leap
50%
Ramattra Weapon Void Accelerator
50%
Ability Void Barrier
50%
Weapon Volatile Chaingun
50%
Passive Ability Wall Ride
50%
Weapon Warding Stance
50%
Ability Whip Shot
50%
Ability Whirlwind Dash
50%
Widowmaker Weapon Widow's Kiss
50%
Weapon Widow's Kiss (ADS)
50%
Anran Weapon Zhuque Fans
50%
Jetpack Cat Weapon Biotic Pawjectiles
33%
Ability Crystal Charge
33%
Ability Frenetic Flight
33%
Ability Healing Kasa
33%
Passive Ability Reconstruction
33%
Passive Ability Remedy Aura
33%
Ability Restorative Stream
33%
Mizuki Weapon Spirit Glaive
33%
Passive Ability Swift Recovery
33%
Wuyang Weapon Xuanwu Staff
33%
No matching quizzes found
Score Distribution
Percent of People with Each Score
Percentile by Number Answered
Your Score History
You have not taken this quiz since the last reset